Catálogo
 En Linea

Curso de dirección estratégica comercial. / (Registro nro. 35116)

Detalles MARC
000 -CABECERA
campo de control de longitud fija 00672nam a2200205 a 4500
001 - NÚMERO DE CONTROL
campo de control 000035625
005 - FECHA Y HORA DE LA ÚLTIMA TRANSACCIÓN
campo de control 20200930074501.0
008 - DATOS DE LONGITUD FIJA--INFORMACIÓN GENERAL
campo de control de longitud fija 111107s1991 sp a 000 0 spa d
020 ## - NÚMERO INTERNACIONAL ESTÁNDAR DEL LIBRO
Número Internacional Estándar del Libro 847356068X
040 ## - FUENTE DE LA CATALOGACIÓN
Centro catalogador/agencia de origen DO-SdBNP
Lengua de catalogación spa
Centro/agencia transcriptor BNPHU
082 ## - NÚMERO DE LA CLASIFICACIÓN DECIMAL DEWEY
Número de clasificación xxxx
Número de documento/Ítem M289c
100 1# - ENTRADA PRINCIPAL--NOMBRE DE PERSONA
Nombre de persona Manso Corononado, Frnacisco J.
9 (RLIN) 61532
245 10 - MENCIÓN DE TÍTULO
Título Curso de dirección estratégica comercial. /
Mención de responsabilidad, etc. Frnacisco J. Manso Corononado; prólogo Luis Valls Taberner.
260 ## - PUBLICACIÓN, DISTRIBUCIÓN, ETC.
Lugar de publicación, distribución, etc. Madrid :
Nombre del editor, distribuidor, etc. ESIC-Editorial,
Fecha de publicación, distribución, etc. 1991.
300 ## - DESCRIPCIÓN FÍSICA
Extensión 376 p. ;
Dimensiones 25 cm.
490 1# - MENCIÓN DE SERIE
Mención de serie Universidad
Designación de volumen o secuencia 4
504 ## - NOTA DE BIBLIOGRAFÍA, ETC.
Nota de bibliografía, etc. Bibliografía : p.369-376
700 1# - PUNTO DE ACCESO ADICIONAL--NOMBRE DE PERSONA
Nombre de persona Valls Taberner, Luis,
Término indicativo de función/relación tr.
9 (RLIN) 61533
830 #0 - PUNTO DE ACCESO ADICIONAL DE SERIE-TÍTULO UNIFORME
Título uniforme Universidad
Designación de volumen o secuencia 4
9 (RLIN) 49597
Existencias
Estado de retiro Estado de pérdida Restricciones de uso No para préstamo Código de colección Localización permanente Ubicación/localización actual Ubicación en estantería Fecha de adquisición Número de inventario Total de préstamos Signatura topográfica completa Código de barras Fecha visto por última vez Precio válido a partir de Tipo de ítem Koha
      Excluido de préstamo Monografías: Libros y Folletos General General En catalogación 07.11.2011 LF1   xxxx M289c 35625-10 25.06.2020 25.06.2020 No se presta

Con tecnología Koha